000 00547nam a2200181Ia 4500
003 GCL
008 140319s9999 xx 000 0 ara d
040 _aGCL /
_cGCL
082 0 4 _a629.288
_bع ا
100 1 _aعزمى خليل
245 1 0 _aاعطال واصلاح محرك السيارة كيف تصلح محرك سيارتك /
_cعزمى خليل
260 _a[S.N] :
_bمكتبة الانجلوالمصرية ،
_c1993
300 _a152 ص
490 _a
650 0 4 _aالسيارات
650 0 4 _aالمحركات
942 _2ddc
_cBK
999 _c31262
_d31262